| 000 | 00832nam a2200157Ia 4500 | ||
|---|---|---|---|
| 008 | 210324s9999||||xx |||||||||||||| ||und|| | ||
| 040 | _cSTCPL | ||
| 041 | _hENG | ||
| 082 |
_a593.1 _bHAR-P |
||
| 100 | _aIpâªâ³]Nã… Iqcmâ«P | ||
| 245 | 4 | _aThe cambridge natural history: protozoa coelenterates echinoderms : volume - i | |
| 260 |
_aLondon _bMacmillan & Co. Ltd _c1909 |
||
| 300 | _ai - xvii, 1 - 671 | ||
| 650 | _aProtozo And Other Simple AnimalsPROTOZOA PLASMODROMALEGAL BASIS, LEGISLATION, SCOPE OF PROTECTION, MATERNITY, CHILD MAINTENANCE, INCAPACITY FOR COORK, SICKNESS, INVALIDITY, UNEMPLOYMENT, RAIL ROAD EMPLOYEES, OLD, AGE, NEEDY AGED PERSONS, PROVISION OF BENEFITS, MAINTENANCE OF COMMUNITY HELTH, ORGANISATION, FINANCING OF SOCIAL SECURITY, PARTICIPATION OF EMPLOYEES, PARTICIPATION OF PUBLIC BODIES | ||
| 942 | _cBK | ||
| 999 |
_c4522 _d4522 |
||